| 000 | 00436nam a22001337a 4500 | ||
|---|---|---|---|
| 082 |
_a823 _bHUC/L |
||
| 100 | _aHUCKLESBY,JILL | ||
| 245 | _aLITTLE LOST HEDGEHOG: BASED ON A REAL -LIFE ANIMAL RESCUE | ||
| 246 |
_aLITTLE LOST HEDGEHOG: BASED ON A REAL -LIFE ANIMAL RESCUE _bLITTLE LOST HEDGEHOG: BASED ON A REAL -LIFE ANIMAL RESCUE |
||
| 260 |
_aLONDON _bSCHOLASTIC _c2013 |
||
| 300 | _a142 | ||
| 650 | _aENGLISH ANIMAL STORY | ||
| 942 | _cBK | ||
| 999 |
_c8600 _d8600 |
||